Poesía moderna : Algo sobre la muerte del mayor Sabines /

Guardado en:
書目詳細資料
主要作者: Sabines, Jaime (autor)
其他作者: Blanco, José Joaquín (introducción) (introducción), Sheridan, Guillermo (edición) (edición)
格式: 圖書
語言:西班牙语
出版: México : UNAM, Dirección General de Difusión Cultural, hacia 1978
標簽: 添加標簽
沒有標簽, 成為第一個標記此記錄!

MARC

LEADER 00000nam^a2200000^a^4500
001 000618922
005 20251008000000.0
009 20260310133809.206
037 |a Acervo ITESO - Biblioteca 
041 |a ESP 
091 |a FOB. 00750 
100 |a Sabines, Jaime  |e (autor) 
245 1 0 |a Poesía moderna :  |b Algo sobre la muerte del mayor Sabines / 
264 1 |a México :  |b UNAM, Dirección General de Difusión Cultural,  |c hacia 1978 
300 |a 21 p. 
336 |a texto  |b txt  |2 rdacontenido 
337 |a sin mediación  |b n  |2 rdamedio 
338 |a volumen  |b nc  |2 rdasoporte 
649 |a XX 
700 |a Blanco, José Joaquín  |e (introducción) 
700 |a Sheridan, Guillermo  |e (edición) 
910 |a Fondo Carlos de Obeso Orendain 
920 |a Impresos - Libros 
930 |a Fondos Especiales 
940 |a Literatura 
905 |a 147 
901 |a 618922-10  |b IT2  |c ESP  |i D84254  |u 20250815 
901 |a 618922-20  |b IT2  |c ESP  |i D  |u 20251008 
902 |a https://opac.biblio.iteso.mx/vufind/Record/000618922